000
00207nam a2200109Ia 4500
100
_a
#N/A
942
_c
BK
245
_a
HEAT AND MASS TRANSER
260
_b
CENTRAL PUBLICATION
300
_a
860
999
_c
27856
_d
27856